LEADER 00925nam a2200229 i 4500 001 000000234750 003 CaOOAMICUS 005 20141021000000.0 008 141021s1963 it u000 u ita u 013 $a213653 040 $aSeMil$bita 245 13$aIl Segno :$bdalla magia fino al cinema /$cGianfranco Bettetini. 260 $aMilano :$bEdizioni I 7,$ccopyr. 1963. 300 $a376 p., [2] p. di tav. :$bill. ;$c22 cm. 490 0 $aEpoca dell'immagine. Studi ;$v3 500 $aContiene : Bibliografia. 650 4$aComunicazione.$0(OLS)http://semarc/subject/2423 830 0$aEpoca dell'immagine. Studi ;$v3.$0(OLS)http://semarc/title/21573 850 $aSeMil 852 $aSeMil$W1$xVenegono$y1$m3M III 103$j185096$B185096$CSeMilBibl$Z2$F196005 $81 996 $6245$aIl Segno :$bdalla magia fino al cinema$9(OLS)http://semarc/title/334894 996 $6260$aMilano :$bEdizioni I 7$9(OLS)http://semarc/publisher/38591 LEADER 01053nam a2200229 i 4500 001 000000125356 003 CaOOAMICUS 005 20040415000000.0 008 040415s1976 fr u000 u fre u 013 $a98057 040 $aSeMil$bita 245 10$aTransmettre autrement :$ble savoir, la culture, la foi. (Semaine des Intellectuels Catholiques 16-23 avril 1975) 260 $a[Paris] :$bDesclée de Brouwer,$ccopyr. 1976. 300 $a167 p. ;$c20 cm. 490 0 $aRecherches et debats ;$v83 650 4$aSapere - Trasmissione.$0(OLS)http://semarc/subject/21983 830 0$aRecherches et débats ;$v83.$0(OLS)http://semarc/title/15096 850 $aSeMil 852 $aSeMil$W1$xVenegono$y1$m660 201 83 *$j79814$B79814$CSeMilBibl$Z2$F81948 $81 961 $aRecupero: Biblioteca Seminario Saronno 996 $6245$aTransmettre autrement :$ble savoir, la culture, la foi. (Semaine des Intellectuels Catholiques 16-23 avril 1975)$9(OLS)http://semarc/title/184592 996 $6260$a[Paris] :$bDesclée de Brouwer$9(OLS)http://semarc/publisher/32277